MARC details
| 000 -LEADER |
| fixed length control field |
02228cam a2200493 i 4500 |
| 001 - CONTROL NUMBER |
| control field |
data |
| 003 - CONTROL NUMBER IDENTIFIER |
| control field |
data |
| 005 - DATE AND TIME OF LATEST TRANSACTION |
| control field |
20260322212122.0 |
| 007 - PHYSICAL DESCRIPTION FIXED FIELD--GENERAL INFORMATION |
| fixed length control field |
data |
| 008 - FIXED-LENGTH DATA ELEMENTS--GENERAL INFORMATION |
| fixed length control field |
data |
| 010 ## - LIBRARY OF CONGRESS CONTROL NUMBER |
| LC control number |
2025474665 |
| 016 7# - NATIONAL BIBLIOGRAPHIC AGENCY CONTROL NUMBER |
| Record control number |
021224102 |
| Source |
UK |
| 020 ## - INTERNATIONAL STANDARD BOOK NUMBER |
| International Standard Book Number |
1911584790 |
| 020 ## - INTERNATIONAL STANDARD BOOK NUMBER |
| International Standard Book Number |
9781911584797 |
| 035 ## - SYSTEM CONTROL NUMBER |
| System control number |
(ukrwcls)uk66640438 |
| 035 ## - SYSTEM CONTROL NUMBER |
| System control number |
(OCoLC)1389609164 |
| 040 ## - CATALOGING SOURCE |
| Original cataloging agency |
YDX |
| Language of cataloging |
eng |
| Description conventions |
rda |
| Transcribing agency |
YDX |
| Modifying agency |
DLC |
| -- |
OCLCF |
| -- |
OCLCO |
| -- |
OCLCQ |
| -- |
DLC |
| -- |
DLC-MRC |
| -- |
DLC |
| 042 ## - AUTHENTICATION CODE |
| Authentication code |
lccopycat |
| 050 00 - LIBRARY OF CONGRESS CALL NUMBER |
| Classification number |
PB2289 |
| Item number |
.M34 2024 |
| 082 04 - DEWEY DECIMAL CLASSIFICATION NUMBER |
| Classification number |
891.66130803579 |
| Edition information |
23 |
| 245 00 - TITLE STATEMENT |
| Title |
Mae gêm yn fwy na gêm : |
| Remainder of title |
blodeugerdd chwaraeon / |
| Statement of responsibility, etc. |
gol. Sioned Dafydd. |
| 250 ## - EDITION STATEMENT |
| Edition statement |
Argraffiad cyntaf. |
| 264 #1 - PRODUCTION, PUBLICATION, DISTRIBUTION, MANUFACTURE, AND COPYRIGHT NOTICE |
| Place of production, publication, distribution, manufacture |
[Wales] : |
| Name of producer, publisher, distributor, manufacturer |
Cyhoeddiadau Barddas, |
| Date of production, publication, distribution, manufacture, or copyright notice |
2024. |
| 300 ## - PHYSICAL DESCRIPTION |
| Extent |
xiii, 121 pages |
| Dimensions |
19 cm |
| 334 ## - MODE OF ISSUANCE |
| Mode of issuance term |
single unit |
| Mode of issuance code |
mono |
| Authority record control number or standard number |
http://id.loc.gov/vocabulary/issuance/mono |
| 336 ## - CONTENT TYPE |
| Content type term |
text |
| Content type code |
txt |
| Source |
rdacontent |
| Authority record control number or standard number |
http://id.loc.gov/vocabulary/contentTypes/txt |
| 337 ## - MEDIA TYPE |
| Media type term |
unmediated |
| Media type code |
n |
| Source |
rdamedia |
| Authority record control number or standard number |
http://id.loc.gov/vocabulary/mediaTypes/n |
| 338 ## - CARRIER TYPE |
| Carrier type term |
volume |
| Carrier type code |
nc |
| Source |
rdacarrier |
| Authority record control number or standard number |
http://id.loc.gov/vocabulary/carriers/nc |
| 650 #0 - SUBJECT ADDED ENTRY--TOPICAL TERM |
| Topical term or geographic name entry element |
Sports |
| Form subdivision |
Poetry |
| Authority record control number or standard number |
http://id.loc.gov/authorities/subjects/sh2010114559 |
| 650 #6 - SUBJECT ADDED ENTRY--TOPICAL TERM |
| Topical term or geographic name entry element |
Sports |
| Form subdivision |
Poésie |
| 650 #7 - SUBJECT ADDED ENTRY--TOPICAL TERM |
| Topical term or geographic name entry element |
Sports |
| Source of heading or term |
fast |
| 655 #7 - INDEX TERM--GENRE/FORM |
| Genre/form data or focus term |
Sports poetry |
| Source of term |
lcgft |
| Authority record control number or standard number |
http://id.loc.gov/authorities/genreForms/gf2017026018 |
| 655 #7 - INDEX TERM--GENRE/FORM |
| Genre/form data or focus term |
Poetry |
| Source of term |
fast |
| Authority record control number or standard number |
(OCoLC)fst01423828 |
| -- |
(OCoLC)fst01423828 |
| 700 1# - ADDED ENTRY--PERSONAL NAME |
| Personal name |
Dafydd, Sioned |
| Titles and other words associated with a name |
(Sports reporter) |
| Relator term |
editor |
| Relationship |
http://id.loc.gov/vocabulary/relators/edt |
| Authority record control number or standard number |
http://id.loc.gov/authorities/names/no2024132664 |
| Real World Object URI |
http://id.loc.gov/rwo/agents/no2024132664 |
| 758 ## - RESOURCE IDENTIFIER |
| Real World Object URI |
http://id.loc.gov/resources/instances/in00024320206 |
| 758 ## - RESOURCE IDENTIFIER |
| Relationship |
http://id.loc.gov/ontologies/bibframe/instanceOf |
| Real World Object URI |
http://id.loc.gov/resources/works/in00024320206 |
| 884 ## - DESCRIPTION CONVERSION INFORMATION |
| Conversion process |
DLC bibframe2marc v3.1-dev |
| Conversion date |
20251212 |
| Conversion agency |
DLC |
| Uniform Resource Identifier |
https://github.com/lcnetdev/bibframe2marc/tree/v3.1-dev |
| 906 ## - LOCAL DATA ELEMENT F, LDF (RLIN) |
| a |
7 |
| b |
cbc |
| c |
copycat |
| d |
3 |
| e |
ncip |
| f |
20 |
| g |
y-gencatlg |
| 923 ## - |
| -- |
purchase |
| -- |
06-09-25 |
| -- |
I-200016200 |
| -- |
ProQuest |
| 925 0# - |
| -- |
acquire |
| -- |
1 shelf copy |
| -- |
policy default |
| 985 ## - |
| -- |
BIBFRAME |
| -- |
2025-12-12T14:07:32 |
| 985 ## - |
| -- |
bulk27_edited.mrc |
| -- |
BULK-27 |